| 000 | 00671nam a2200229 a 4500 | ||
|---|---|---|---|
| 005 | 20260221063957.0 | ||
| 008 | 140613s1999 ag r 000 0 spa d | ||
| 020 | _a9875000299 | ||
| 035 | _aUPN01000197870 | ||
| 049 | _aI | ||
| 050 | 4 |
_aLB14.7 _bR4.7 |
|
| 100 | 1 |
_aReed, Ronald _935826 |
|
| 245 | 1 | 0 |
_aRebeca : _bun relato de filosofía para niños / _cRonald Reed ; tr. Horacio Pons. |
| 260 |
_aBuenos Aires : _bManantial, _cc1999. |
||
| 300 | _a93 p. | ||
| 440 | 0 | _aTextos de filosofía para niños | |
| 534 |
_pTítulo original: _tRebecca |
||
| 650 | 4 |
_aEducación _xFilosofía _94994 |
|
| 650 | 4 |
_aFilosofía _95327 |
|
| 905 | _aInfantil | ||
| 999 |
_c169971 _d169971 |
||